| 000 | 00704nam a2200229 a 4500 | ||
|---|---|---|---|
| 001 | 54301 | ||
| 003 | BD-RjUL | ||
| 005 | 20211209080112.0 | ||
| 008 | 161105r19681952enkab 000 0 eng | ||
| 035 | _a(BD-RjUL)54423 | ||
| 040 |
_aDLC _cKWiU _dBD-RjUL _beng |
||
| 041 | _aeng | ||
| 082 |
_223 _a940.28 _bAYE 1968 |
||
| 100 | 1 |
_aAyerst, David George Ogilvy. _9162064 |
|
| 245 | 1 | 0 |
_aEurope in the nineteenth century / _cby D. G. O. Ayerst. |
| 250 | _a2nd.ed. | ||
| 260 |
_aCambridge : _bThe University Press, _c1952 [Reprinted 1968]. |
||
| 300 |
_axiv. 32 p. : _billu. ; _c20 cm. |
||
| 651 | 0 |
_aEurope _xHistory _y1789-1900. _9162065 |
|
| 651 | 0 |
_aEurope _xHistory _y20th century. _9162066 |
|
| 942 |
_2ddc _cBK |
||
| 999 |
_c54301 _d54301 |
||